| 000 | 00624nam a2200217 u 4500 | ||
|---|---|---|---|
| 005 | 20240228064327.0 | ||
| 008 | 180418s2010 ea r 000 0 spa d | ||
| 020 | _a0153483598 | ||
| 035 | _aUPN01000224212 | ||
| 049 | _aI | ||
| 050 | 4 |
_aQK49 _bK3.64 |
|
| 100 | 1 |
_aKahkonen, Sharon _933632 |
|
| 245 | 1 | 0 |
_aPlantas asombrosas / _cSharon Kahkonen. |
| 260 |
_aOrlando, E.U.A. : _bHarcourt, _c[2010?]. |
||
| 300 |
_a12 p. : _bil. col. |
||
| 650 | 4 |
_aPLANTAS - _vLITERATURA INFANTIL _91132 |
|
| 650 | 4 |
_aMETABOLISMO VEGETAL _91135 |
|
| 650 | 4 |
_aLibros y lectura para niƱos _92290 |
|
| 905 | _aInfantil | ||
| 999 |
_c196309 _d196309 |
||